| 000 | 00944nam a2200277 a 4500 | ||
|---|---|---|---|
| 001 | 000039240 | ||
| 005 | 20201002031546.0 | ||
| 008 | 130617s1991 mx 000 0 spa d | ||
| 020 | _a9683617093 | ||
| 040 |
_aDO-SdBNP _bspa _cBNPHU |
||
| 245 | 0 | 3 |
_aLa utopía en América / _cAlicia Mayer...[et.al.]. |
| 260 |
_aMéxico : _bUniversidad Nacional Autónoma de México, _c1991. |
||
| 300 |
_a152 p. ; _c23 cm. |
||
| 500 | _aIncluye notas al pie de las páginas | ||
| 700 | 1 |
_aCerutti Guldberg, Horacio _933937 |
|
| 700 | 1 |
_aSánchez Macgrégor, Joaquín _955622 |
|
| 700 | 1 |
_aVidales, Raúl _965443 |
|
| 700 | 1 |
_aOrtíz C., Ignacio _965444 |
|
| 700 | 1 |
_aMagallón Anaya, Mario _919785 |
|
| 700 | 1 |
_aFlores Farfán, Leticia _965445 |
|
| 700 | 1 |
_aVargas Martínez, Gustavo _965446 |
|
| 700 | 1 |
_aVilchis Reyes, Jaime _965447 |
|
| 700 | 1 |
_aCrocker, David A. _965448 |
|
| 700 | 1 |
_aWingartz Plata, Óscar _952830 |
|
| 700 | 1 |
_aGoutman, Ana _962056 |
|
| 999 |
_c38730 _d38730 |
||